[Event "XXVII. Rhein-Main-Open, Gruppe A"]
[Site "Bad Homburg vor der Höhe"]
[Date "2025.06.18"]
[Round "1.1"]
[White "Poetsch, Hagen"]
[Black "Schmitt, Carsten"]
[Result "1-0"]
[WhiteElo "2490"]
[BlackElo "1917"]
[PlyCount "33"]
[GameId "535116226950"]
[EventDate "2025.06.18"]
[WhiteTeam "SC Heusenstamm"]
[BlackTeam "SV Bergwinkel"]

1. Nf3 d5 2. g3 Nf6 3. Bg2 c5 4. O-O e6 5. c4 d4 6. d3 Nc6 7. e3 Bd6 8. exd4 cxd4 9. Bg5 h6 10. Bxf6 Qxf6 11. Na3 O-O 12. Nd2 Qe7 13. Nc2 e5 14. Rb1 f5 15. b4 Nxb4 16. c5 Bxc5 17. Nxb4 1-0

[Event "XXVII. Rhein-Main-Open, Gruppe A"]
[Site "Bad Homburg vor der Höhe"]
[Date "2025.06.18"]
[Round "1.2"]
[White "Bezsonna, Polina"]
[Black "Hagner, Bennet"]
[Result "0-1"]
[WhiteElo "1972"]
[BlackElo "2431"]
[PlyCount "96"]
[GameId "535116226971"]
[EventDate "2025.06.18"]
[WhiteTeam "SK Bad Homburg 1927"]
[BlackTeam "OSG Baden-Baden"]

1. e4 c5 2. Nf3 d6 3. d4 cxd4 4. Nxd4 Nf6 5. Nc3 a6 6. Rg1 Nc6 7. g4 Nxd4 8. Qxd4 Nxg4 9. Be2 h5 10. Bd2 e5 11. Qd3 Be6 12. h3 Nf6 13. f4 exf4 14. Bxf4 Nd7 15. Bxd6 Bxd6 16. Qxd6 Qh4+ 17. Qg3 Qxg3+ 18. Rxg3 g6 19. O-O-O Ke7 20. Nd5+ Bxd5 21. exd5 Kd6 22. c4 Rhe8 23. Kd2 Re5 24. Rf1 Rae8 25. Bd3 R5e7 26. a3 a5 27. Kc3 b6 28. Kd4 a4 29. Rgf3 f5 30. Rg3 Ne5 31. Bc2 Rc8 32. b3 b5 33. Rfg1 Rg7 34. Bxf5 Rc5 35. Bxg6 axb3 36. Bd3 Rxg3 37. Rxg3 bxc4 38. Be4 Rc8 39. Rc3 Ra8 40. Bb1 Rxa3 41. Re3 Ra4 42. Re2 Nf3+ 43. Kc3 Ra1 44. Kb2 Rxb1+ 45. Kxb1 c3 46. Kc1 Nd2 47. Rxd2 cxd2+ 48. Kxd2 Kxd5 0-1

[Event "XXVII. Rhein-Main-Open, Gruppe A"]
[Site "Bad Homburg vor der Höhe"]
[Date "2025.06.18"]
[Round "1.3"]
[White "Nothnagel, Marian Can"]
[Black "Kuban, Günther"]
[Result "1-0"]
[WhiteElo "2434"]
[BlackElo "2084"]
[PlyCount "87"]
[GameId "535116226972"]
[EventDate "2025.06.18"]
[WhiteTeam "SK Bickenbach"]
[BlackTeam "Königsspringer Karben"]

1. e4 e5 2. Nf3 Nc6 3. Bc4 Bc5 4. c3 Nf6 5. d3 h6 6. O-O O-O 7. Re1 a6 8. a4 Rb8 9. b4 Ba7 10. Ra2 d6 11. Nbd2 Be6 12. Bxe6 fxe6 13. Nf1 Qe8 14. Be3 Bxe3 15. Rxe3 Ne7 16. h3 Ng6 17. g3 d5 18. N1d2 Rd8 19. Qb3 d4 20. cxd4 exd4 21. Re1 Kh7 22. b5 a5 23. Rc2 Rd7 24. Rec1 Qf7 25. b6 c6 26. Rc5 Re7 27. Rxa5 Nd7 28. Rf1 c5 29. Kg2 Qe8 30. Rb5 Rf6 31. Nh2 e5 32. Nc4 h5 33. h4 Nxh4+ 34. gxh4 Qg6+ 35. Kh1 Rf4 36. Qc2 Ref7 37. f3 Rxh4 38. Qg2 Qf6 39. Qg3 g5 40. Rb2 g4 41. Rbf2 Rh3 42. Qg2 Qh4 43. fxg4 Rxf2 44. Qxf2 1-0

[Event "XXVII. Rhein-Main-Open, Gruppe A"]
[Site "Bad Homburg vor der Höhe"]
[Date "2025.06.18"]
[Round "1.4"]
[White "Siegismund, Florian"]
[Black "Milov, Leonid"]
[Result "1/2-1/2"]
[WhiteElo "1875"]
[BlackElo "2404"]
[PlyCount "79"]
[GameId "535116226973"]
[EventDate "2025.06.18"]
[WhiteTeam "SK Bad Schwalbach"]
[BlackTeam "SC Noris-Tarrasch Nürnberg 1873"]

1. d4 f5 2. g3 Nf6 3. Bg2 d6 4. Nf3 g6 5. O-O Bg7 6. c4 O-O 7. Nc3 c6 8. Qc2 Na6 9. Rb1 Ne4 10. e3 e5 11. dxe5 Nxc3 12. bxc3 dxe5 13. e4 Qa5 14. Rd1 Nc5 15. Nd2 Be6 16. Nb3 Qa4 17. Qd2 Nxe4 18. Bxe4 fxe4 19. Nc5 Qxc4 20. Nxe6 Qxe6 21. Rxb7 Rf7 22. Rxf7 Qxf7 23. Qd7 Qxd7 24. Rxd7 a5 25. Rc7 Bf8 26. Rxc6 Rb8 27. Be3 a4 28. Bc5 Bh6 29. Ra6 Rc8 30. Bb4 e3 31. fxe3 Bxe3+ 32. Kf1 Bd2 33. Rxa4 Bxc3 34. Bxc3 Rxc3 35. Ra7 Rc2 36. h4 e4 37. a4 Ra2 38. a5 e3 39. Re7 Rxa5 40. Rxe3 1/2-1/2

[Event "XXVII. Rhein-Main-Open, Gruppe A"]
[Site "Bad Homburg vor der Höhe"]
[Date "2025.06.18"]
[Round "1.5"]
[White "Krause, Jonah"]
[Black "Varma, Christopher"]
[Result "1-0"]
[WhiteElo "2361"]
[BlackElo "1924"]
[PlyCount "43"]
[GameId "535116226974"]
[EventDate "2025.06.18"]
[WhiteTeam "FC ST.Pauli 1910 eV SAbt"]
[BlackTeam "SV Oberursel"]

1. d4 g6 2. e4 Bg7 3. c4 d6 4. Nc3 e5 5. Nf3 Bg4 6. dxe5 dxe5 7. Qxd8+ Kxd8 8. Ng5 Nh6 9. Be2 Bd7 10. Be3 f6 11. Nf3 c6 12. h3 Na6 13. a3 Ke7 14. O-O-O Nf7 15. b4 Bh6 16. Bxh6 Nxh6 17. Nd2 Be6 18. Nb3 Rad8 19. Na5 Rxd1+ 20. Rxd1 Bc8 21. c5 Rd8 22. Bxa6 1-0

[Event "XXVII. Rhein-Main-Open, Gruppe A"]
[Site "Bad Homburg vor der Höhe"]
[Date "2025.06.18"]
[Round "1.6"]
[White "Ottenburg, Ralph"]
[Black "Haack, Kevin"]
[Result "1/2-1/2"]
[WhiteElo "1962"]
[BlackElo "2390"]
[PlyCount "97"]
[GameId "535116226975"]
[EventDate "2025.06.18"]
[WhiteTeam "Sabt Frankfurter TV 1860"]
[BlackTeam "SV 1920 Hofheim"]

1. c4 e6 2. g3 d5 3. Bg2 Nf6 4. b3 Be7 5. Nf3 O-O 6. Bb2 c5 7. O-O d4 8. e3 Nc6 9. exd4 cxd4 10. d3 Ne8 11. Re1 f6 12. a3 a5 13. Nbd2 e5 14. Nh4 Nc7 15. Qh5 Rf7 16. Nf5 Bf8 17. Be4 g6 18. Nh6+ Bxh6 19. Qxh6 Ne7 20. f4 Qd6 21. fxe5 fxe5 22. Nf3 Ne6 23. Ng5 Nxg5 24. Qxg5 Bf5 25. a4 Bxe4 26. Ba3 Qe6 27. Rxe4 Nc6 28. Rae1 Rf5 29. Qg4 Rd8 30. Qe2 Rd7 31. Bc1 Rdf7 32. Bf4 Qf6 33. Bxe5 Nxe5 34. Rxe5 Rxe5 35. Qxe5 Qf2+ 36. Kh1 Qf3+ 37. Kg1 Qf2+ 38. Kh1 Qf3+ 39. Kg1 Qxd3 40. Qe8+ Kg7 41. Qe5+ Kh6 42. Qe4 Qd2 43. Rf1 Rxf1+ 44. Kxf1 Kg5 45. h3 Kf6 46. Qf3+ Kg5 47. Qg4+ Kf6 48. Qf3+ Ke5 49. Qd5+ 1/2-1/2

[Event "XXVII. Rhein-Main-Open, Gruppe A"]
[Site "Bad Homburg vor der Höhe"]
[Date "2025.06.18"]
[Round "1.8"]
[White "Ploder, Udo"]
[Black "Neukirchner, Pascal"]
[Result "0-1"]
[WhiteElo "1884"]
[BlackElo "2279"]
[PlyCount "100"]
[GameId "535116226977"]
[EventDate "2025.06.18"]
[WhiteTeam "SF Braunfels"]
[BlackTeam "SK Gründau"]

1. e4 c5 2. Nf3 Nc6 3. d4 cxd4 4. Nxd4 g6 5. Nc3 Bg7 6. Be3 Nf6 7. Nxc6 bxc6 8. e5 Ng8 9. Bd4 Qa5 10. f4 f6 11. Qe2 fxe5 12. Bxe5 Nf6 13. O-O-O O-O 14. Qc4+ Kh8 15. Qa4 Qxa4 16. Nxa4 d6 17. Bc3 Ng4 18. Re1 e5 19. fxe5 Nxe5 20. h3 Rf2 21. g4 Be6 22. Ba6 Raf8 23. Rhf1 h5 24. Nc5 Rxf1 25. Bxf1 dxc5 26. Bg2 hxg4 27. hxg4 Rf2 28. Bxe5 Bxg4 29. Bxg7+ Kxg7 30. Bxc6 Bf5 31. Be4 Kf6 32. a3 g5 33. Bxf5 Kxf5 34. Re7 Kf4 35. b4 c4 36. Rc7 g4 37. Rxc4+ Kf3 38. Rc7 g3 39. Kb2 g2 40. Rf7+ Ke2 41. Rg7 Kf1 42. Kb3 Rf3+ 43. c3 Kf2 44. Rxg2+ Kxg2 45. b5 Kg3 46. Kb4 Kf4 47. a4 Ke5 48. c4 Kd6 49. c5+ Kc7 50. Ka5 Rf4 0-1

[Event "XXVII. Rhein-Main-Open, Gruppe A"]
[Site "Bad Homburg vor der Höhe"]
[Date "2025.06.18"]
[Round "1.9"]
[White "Lesny, Florian"]
[Black "Shanawaz Thabrez, Shahzaib"]
[Result "1/2-1/2"]
[WhiteElo "2230"]
[BlackElo "1884"]
[PlyCount "87"]
[GameId "535116226978"]
[EventDate "2025.06.18"]
[WhiteTeam "SF Hünstetten"]
[BlackTeam "SK Langen"]

1. e4 e5 2. Nf3 Nc6 3. Bc4 Nf6 4. d3 Bc5 5. O-O d6 6. c3 Bg4 7. Nbd2 a6 8. Bb3 O-O 9. Re1 Ba7 10. Nf1 h6 11. h3 Bh5 12. Be3 Re8 13. Ng3 Bxe3 14. Rxe3 Bg6 15. Nh4 Bh7 16. Nhf5 Ne7 17. Nxe7+ Qxe7 18. Nh5 Bg6 19. Nxf6+ Qxf6 20. Qg4 Kh7 21. Rf1 Rad8 22. f4 exf4 23. Rxf4 Qe7 24. Rg3 h5 25. Qf3 Rd7 26. h4 c6 27. Rg5 d5 28. exd5 cxd5 29. Bxd5 Qe1+ 30. Kh2 Re3 31. Qf2 Qxf2 32. Rxf2 f6 33. Bg8+ Kh6 34. Rd5 Rxd3 35. Rxd7 Rxd7 36. Be6 Rd6 37. Re2 Bd3 38. Re1 Bb5 39. c4 Bc6 40. Bd5 Bxd5 41. Rd1 Kg6 42. cxd5 Kf5 43. b3 g5 44. hxg5 1/2-1/2

[Event "XXVII. Rhein-Main-Open, Gruppe A"]
[Site "Bad Homburg vor der Höhe"]
[Date "2025.06.18"]
[Round "1.10"]
[White "Dornblüth, Christian"]
[Black "Schmid, Roland"]
[Result "0-1"]
[WhiteElo "1945"]
[BlackElo "2193"]
[PlyCount "108"]
[GameId "535116226979"]
[EventDate "2025.06.18"]
[WhiteTeam "SF Heidelberg"]
[BlackTeam "SG Post/Süd Regensburg"]

1. d4 Nf6 2. c4 e6 3. Nc3 Bb4 4. e3 b6 5. Nge2 Ba6 6. a3 Be7 7. Ng3 d5 8. b3 O-O 9. Bd3 c5 10. O-O cxd4 11. exd4 Nc6 12. Be3 Na5 13. cxd5 Bxd3 14. Qxd3 Nxd5 15. b4 Nc6 16. Rfd1 Rc8 17. Rac1 Qd7 18. Nge2 Bf6 19. Nxd5 Qxd5 20. Nf4 Qd6 21. d5 Ne5 22. Qb3 Rxc1 23. Rxc1 exd5 24. Nxd5 Rd8 25. Nxf6+ Qxf6 26. h3 h6 27. Rd1 Rxd1+ 28. Qxd1 Qe6 29. Qd8+ Kh7 30. Qa8 Qd7 31. Qe4+ Ng6 32. Qc4 b5 33. Qc5 a6 34. Qb6 Qe6 35. Qb7 Ne5 36. Qe4+ f5 37. Qc2 Nc4 38. Qc1 Qe4 39. Bc5 Qd3 40. Bf8 Qxa3 41. Qf4 Qa1+ 42. Kh2 Qe5 43. Kg3 g5 44. Qxe5 Nxe5 45. f3 f4+ 46. Kf2 Kg6 47. g3 h5 48. g4 Nc6 49. Bc5 a5 50. bxa5 Nxa5 51. Ke2 Nc6 52. Kd3 hxg4 53. hxg4 Kf6 54. Kc3 Ne5 0-1

[Event "XXVII. Rhein-Main-Open, Gruppe A"]
[Site "Bad Homburg vor der Höhe"]
[Date "2025.06.18"]
[Round "1.11"]
[White "Tiarks, Jann-Christian"]
[Black "Kretner, Georg-Ulrich"]
[Result "1-0"]
[WhiteElo "2228"]
[BlackElo "1909"]
[PlyCount "87"]
[GameId "535116226980"]
[EventDate "2025.06.18"]
[WhiteTeam "SG 1871 Löberitz"]
[BlackTeam "SC Bad Nauheim"]

1. e4 d6 2. d4 Nf6 3. Nc3 g6 4. Be3 Bg7 5. f3 O-O 6. Qd2 e5 7. Nge2 c6 8. O-O-O Qa5 9. Bh6 b5 10. Bxg7 Kxg7 11. a3 Na6 12. g4 h6 13. Ng3 Be6 14. h4 Ng8 15. d5 b4 16. Na2 cxd5 17. exd5 Bd7 18. Bxa6 Qxa6 19. Nxb4 Qb6 20. g5 h5 21. f4 a5 22. Nd3 Bg4 23. Rde1 Qd4 24. fxe5 Qxd5 25. exd6 Qa2 26. Qc3+ Kh7 27. Qb3 Qxb3 28. cxb3 Rac8+ 29. Kb1 Rc6 30. Ne5 Rxd6 31. Nxg4 hxg4 32. Re5 Rd3 33. Ne4 Rxb3 34. Rg1 f5 35. gxf6 Nxf6 36. Re7+ Kh6 37. Nc5 Rb5 38. Nd3 Kh5 39. Nf4+ Kh6 40. Nd3 Kh5 41. a4 Rf5 42. Ne5 Rf2 43. Nxg4 Rf4 44. Nxf6+ 1-0

[Event "XXVII. Rhein-Main-Open, Gruppe A"]
[Site "Bad Homburg vor der Höhe"]
[Date "2025.06.18"]
[Round "1.12"]
[White "Nickel, Jonas"]
[Black "Solonar, Stefan"]
[Result "0-1"]
[WhiteElo "1926"]
[BlackElo "2265"]
[PlyCount "204"]
[GameId "535116226981"]
[EventDate "2025.06.18"]
[WhiteTeam "Schachdrachen Büdingen-Wächtersb"]
[BlackTeam "SC Heusenstamm"]

1. e4 c5 2. Nf3 Nc6 3. d4 cxd4 4. Nxd4 e5 5. Nb5 d6 6. N1c3 a6 7. Na3 Be7 8. Nd5 Nf6 9. Nxf6+ Bxf6 10. c3 O-O 11. Nc4 Be7 12. Bd3 Be6 13. O-O d5 14. exd5 Bxd5 15. Ne3 Be6 16. Nf5 Bf6 17. Qe2 Qd7 18. Ng3 Rad8 19. Rd1 Qc8 20. Be3 Be7 21. Bb6 Rde8 22. Ne4 f5 23. Nc5 Bxc5 24. Bxc5 Rf6 25. Bc4 e4 26. Rd6 Ne5 27. Rxe6 Rfxe6 28. Bxe6+ Rxe6 29. Bd4 Nd3 30. Qh5 Rh6 31. Qg5 Rg6 32. Qe7 h6 33. Rf1 Qc6 34. f3 Nf4 35. fxe4 Nxg2 36. Kh1 Qxe4 37. Qxe4 fxe4 38. Rf2 Ne1 39. Re2 Nd3 40. Rxe4 Nxb2 41. Re7 b5 42. Rc7 Nc4 43. Rb7 Nd2 44. Rc7 Nf3 45. Bf2 Rg4 46. Bc5 h5 47. Rc8+ Kh7 48. Rf8 Ng5 49. Rf5 Kg6 50. Rd5 Ne6 51. Rd6 Kf5 52. Rd5+ Kg6 53. Rd6 Kf7 54. Bb4 Nf4 55. Rxa6 Nd3 56. h3 Rh4 57. Ra7+ Kg8 58. Rb7 Nxb4 59. cxb4 Rxh3+ 60. Kg2 Ra3 61. Rxb5 Rxa2+ 62. Kg3 g6 63. Rb7 Kf8 64. Kh4 Rg2 65. b5 Rg4+ 66. Kh3 Rb4 67. b6 Kg8 68. Rb8+ Kg7 69. Rb7+ Kh6 70. Rb8 Rb3+ 71. Kg2 Kg7 72. Rb7+ Kf6 73. Rb8 g5 74. Rh8 Kg6 75. Rg8+ Kf5 76. Rf8+ Kg4 77. Rf6 Rb2+ 78. Kf1 h4 79. Rc6 Rb3 80. Kg2 h3+ 81. Kh2 Rb2+ 82. Kh1 Kh4 83. Rc4+ g4 84. Rc6 g3 85. Rc4+ Kg5 86. Rc1 Rxb6 87. Rc5+ Kf4 88. Rc4+ Ke5 89. Rc5+ Kd4 90. Rc1 Kd3 91. Rg1 Rg6 92. Ra1 Ke2 93. Ra2+ Kf3 94. Ra3+ Kg4 95. Ra4+ Kh5 96. Ra5+ Rg5 97. Ra1 Re5 98. Rb1 Re4 99. Ra1 Kg4 100. Rb1 h2 101. Kg2 Re2+ 102. Kh1 Kh3 0-1

[Event "XXVII. Rhein-Main-Open, Gruppe A"]
[Site "Bad Homburg vor der Höhe"]
[Date "2025.06.18"]
[Round "1.13"]
[White "Rubsamen, Cornelius"]
[Black "Glasschröder, Maximilian"]
[Result "1-0"]
[WhiteElo "2181"]
[BlackElo "1938"]
[PlyCount "55"]
[GameId "535116226982"]
[EventDate "2025.06.18"]
[WhiteTeam "Königsspringer Karben"]
[BlackTeam "SK Weilheim e.V."]

1. e4 c6 2. d4 d5 3. e5 Bf5 4. Nf3 e6 5. Be2 c5 6. c3 Nc6 7. O-O cxd4 8. Nxd4 Nxd4 9. cxd4 Ne7 10. Nc3 Nc6 11. g4 Bg6 12. f4 h6 13. f5 Bh7 14. Be3 a6 15. Rc1 Rc8 16. Bd3 Bb4 17. fxe6 fxe6 18. Bxh7 Rxh7 19. Qd3 Rh8 20. Qg6+ Kd7 21. Rf7+ Ne7 22. Rxg7 Bxc3 23. Rxc3 Rxc3 24. bxc3 Re8 25. Bxh6 Qa5 26. Qc2 b5 27. Bg5 Qb6 28. Qh7 1-0

[Event "XXVII. Rhein-Main-Open, Gruppe A"]
[Site "Bad Homburg vor der Höhe"]
[Date "2025.06.18"]
[Round "1.14"]
[White "Jakob, Steffen"]
[Black "Stork, Christopher"]
[Result "0-1"]
[WhiteElo "1900"]
[BlackElo "2132"]
[PlyCount "62"]
[GameId "535116226983"]
[EventDate "2025.06.18"]
[WhiteTeam "Sges Bensheim 1931"]
[BlackTeam "SV Oberursel"]

1. d4 Nf6 2. Nc3 d5 3. Bf4 c6 4. e3 Bf5 5. Nf3 e6 6. Ne5 h6 7. Bd3 Nbd7 8. O-O Be7 9. h3 O-O 10. Ne2 Bxd3 11. cxd3 Qb6 12. Rb1 a5 13. g4 Nxe5 14. dxe5 Nd7 15. Nd4 c5 16. Nf3 f6 17. exf6 Bxf6 18. g5 hxg5 19. Bxg5 Qd8 20. h4 Qe8 21. d4 Qh5 22. Nh2 Qg6 23. f4 cxd4 24. exd4 Qe4 25. Nf3 Bxg5 26. fxg5 Rac8 27. Rf2 Qg4+ 28. Kf1 Rf4 29. b4 a4 30. Qd3 Rcf8 31. Ke2 Rxf3 0-1

[Event "XXVII. Rhein-Main-Open, Gruppe A"]
[Site "Bad Homburg vor der Höhe"]
[Date "2025.06.18"]
[Round "1.15"]
[White "Akhmatovski, Maxim"]
[Black "Schultze, Jörg-Martin"]
[Result "1-0"]
[WhiteElo "2108"]
[BlackElo "1909"]
[PlyCount "65"]
[GameId "535116226984"]
[EventDate "2025.06.18"]
[WhiteTeam "SV Oberursel"]
[BlackTeam "SF Braunfels"]

1. e4 c5 2. Nf3 e6 3. c3 d5 4. exd5 exd5 5. d4 Nc6 6. Bb5 Bd6 7. dxc5 Bxc5 8. O-O Nge7 9. Nbd2 O-O 10. Nb3 Bd6 11. Bd3 Bf5 12. Nbd4 Nxd4 13. Nxd4 Bxd3 14. Qxd3 Rc8 15. Be3 a6 16. Rad1 Qd7 17. Qe2 Rc4 18. Qf3 b5 19. Nc2 Re8 20. Bd4 Nf5 21. Ne3 Nxd4 22. cxd4 Ra4 23. Nxd5 Rxa2 24. Qb3 Ra4 25. Nb6 Bxh2+ 26. Kh1 Qd8 27. Nxa4 bxa4 28. Qxa4 Re6 29. Kxh2 Qh4+ 30. Kg1 g5 31. Qb3 g4 32. Qg3 Qg5 33. Rfe1 1-0

[Event "XXVII. Rhein-Main-Open, Gruppe A"]
[Site "Bad Homburg vor der Höhe"]
[Date "2025.06.18"]
[Round "1.16"]
[White "Fang, Borui"]
[Black "Musiienko, Tymur"]
[Result "0-1"]
[WhiteElo "1857"]
[BlackElo "2115"]
[PlyCount "86"]
[GameId "535116226985"]
[EventDate "2025.06.18"]
[WhiteTeam "SV Oberursel"]
[BlackTeam "Wiesbadener SV 1885"]

1. e4 e5 2. Nf3 Nc6 3. Bc4 Nf6 4. d3 Bc5 5. c3 d6 6. a4 a5 7. O-O O-O 8. Be3 Bxe3 9. fxe3 Ne7 10. Nbd2 Ng6 11. Qe2 c6 12. Rad1 d5 13. exd5 cxd5 14. Bb5 Bd7 15. h3 Bxb5 16. axb5 Re8 17. Nb1 h6 18. Qf2 Qe7 19. Nh4 Nxh4 20. Qxh4 Qc5 21. Qg3 Re6 22. Na3 Qe7 23. Nc2 b6 24. Rde1 Rd8 25. Kh2 Ne8 26. e4 dxe4 27. dxe4 Nd6 28. Na3 Qe8 29. Qd3 Nb7 30. Qe2 Nc5 31. Rd1 Red6 32. Rxd6 Rxd6 33. Rf2 Nd3 34. Rf3 Nf4 35. Qe3 Qe6 36. Qf2 Qb3 37. Qf1 Rd2 38. Rxf4 exf4 39. Qxf4 Qxb2 40. Nc4 Rxg2+ 41. Kh1 Qa2 42. Ne3 Rg6 43. Qb8+ Kh7 0-1

[Event "XXVII. Rhein-Main-Open, Gruppe A"]
[Site "Bad Homburg vor der Höhe"]
[Date "2025.06.18"]
[Round "1.17"]
[White "Wolf, Ulrich Martin"]
[Black "Ziska, Stephan"]
[Result "1-0"]
[WhiteElo "2152"]
[BlackElo "1862"]
[PlyCount "47"]
[GameId "535116226986"]
[EventDate "2025.06.18"]
[WhiteTeam "SK Bad Homburg 1927"]
[BlackTeam "Schachforum Darmstadt"]

1. d4 d5 2. Nf3 Nf6 3. c4 e6 4. g3 c5 5. cxd5 exd5 6. Bg2 Nc6 7. O-O Bg4 8. Ne5 cxd4 9. Nxg4 Nxg4 10. e4 Nf6 11. exd5 Nxd5 12. Qb3 Nb6 13. a4 Qd7 14. Re1+ Be7 15. a5 Nc8 16. a6 Nd6 17. Bf4 Kf8 18. Bxd6 Qxd6 19. Qxb7 Rb8 20. Qxc6 Qb4 21. Na3 d3 22. Nc4 Bc5 23. Qd5 Rb5 24. Qd8# 1-0

[Event "XXVII. Rhein-Main-Open, Gruppe A"]
[Site "Bad Homburg vor der Höhe"]
[Date "2025.06.18"]
[Round "1.18"]
[White "Mayer, Frank"]
[Black "Lenz, Jonas"]
[Result "0-1"]
[WhiteElo "1984"]
[BlackElo "2135"]
[PlyCount "58"]
[GameId "535116226987"]
[EventDate "2025.06.18"]
[WhiteTeam "Wiesbadener SV 1885"]
[BlackTeam "SK Bad Homburg 1927"]

1. e4 e5 2. d4 exd4 3. Qxd4 Nc6 4. Qd3 Nf6 5. Nc3 Bb4 6. Bd2 O-O 7. O-O-O Re8 8. Nge2 d6 9. h3 Ne5 10. Qg3 Ng6 11. Bg5 Bxc3 12. Nxc3 h6 13. Bxf6 Qxf6 14. Nd5 Qd8 15. Bd3 c6 16. Nf4 Ne5 17. h4 Kh8 18. f3 Qa5 19. Kb1 Be6 20. Nxe6 Rxe6 21. h5 Qc5 22. f4 Nxd3 23. cxd3 Qd4 24. Qf3 Rae8 25. g4 d5 26. e5 f6 27. g5 fxg5 28. fxg5 Rxe5 29. gxh6 Re2 0-1

[Event "XXVII. Rhein-Main-Open, Gruppe A"]
[Site "Bad Homburg vor der Höhe"]
[Date "2025.06.18"]
[Round "1.19"]
[White "Henrich, Thomas"]
[Black "Hipler, Andreas"]
[Result "1-0"]
[WhiteElo "2083"]
[BlackElo "1890"]
[PlyCount "63"]
[GameId "535116226988"]
[EventDate "2025.06.18"]
[WhiteTeam "SK Marburg 1931/72"]
[BlackTeam "SK Gau-Algesheim"]

1. e4 c6 2. d4 d5 3. e5 Bf5 4. Nc3 e6 5. g4 Bg6 6. Nge2 Bb4 7. Nf4 Ne7 8. h4 h6 9. Nxg6 Nxg6 10. h5 Ne7 11. Bd2 c5 12. Nb5 O-O 13. c3 Ba5 14. dxc5 Nd7 15. b4 Bc7 16. f4 b6 17. c6 Nxc6 18. Bd3 f6 19. exf6 Rxf6 20. Qe2 e5 21. g5 Rf8 22. Qg4 Re8 23. Bg6 exf4+ 24. Bxe8 Qxe8+ 25. Kf2 Nde5 26. Qf5 Qe7 27. Nxc7 Qxc7 28. gxh6 Ne7 29. Qe6+ Kh7 30. Rag1 f3 31. Rxg7+ Kh8 32. Qf6 1-0

[Event "XXVII. Rhein-Main-Open, Gruppe A"]
[Site "Bad Homburg vor der Höhe"]
[Date "2025.06.18"]
[Round "1.20"]
[White "Wilk, Jan"]
[Black "Erdmann, Stefan"]
[Result "0-1"]
[WhiteElo "1916"]
[BlackElo "2117"]
[Annotator "Rondio,Thomas"]
[PlyCount "32"]
[GameId "535116226989"]
[EventDate "2025.06.18"]
[WhiteTeam "SC Bellheim"]
[BlackTeam "SK Bad Homburg 1927"]

{[%evp 0,21,19,31,19,0,32,7,31,15,-3,4,0,18,15,12,24,13,3,-5,2,-4,-2,-26]} 1. d4 d5 2. c4 c6 3. Nc3 Nf6 4. Nf3 dxc4 5. a4 Bf5 6. e3 e6 7. Bxc4 Bb4 8. Bd2 Nbd7 9. Qe2 O-O 10. O-O Bg6 11. Na2 Bxd2 12. Nxd2 e5 13. dxe5 Nxe5 14. Nc3 Nxc4 15. Nxc4 Bd3 16. Rfd1 Bxe2 0-1

[Event "XXVII. Rhein-Main-Open, Gruppe A"]
[Site "Bad Homburg vor der Höhe"]
[Date "2025.06.18"]
[Round "1.21"]
[White "Giel, Olaf"]
[Black "Hornung, Fabian"]
[Result "1-0"]
[WhiteElo "2106"]
[BlackElo "1854"]
[PlyCount "57"]
[GameId "535116226990"]
[EventDate "2025.06.18"]
[WhiteTeam "SF Bremer Osten Bürgerhaus Mahnd"]
[BlackTeam "SK Gernsbach 1949"]

1. d4 d5 2. Nf3 Nf6 3. e3 e6 4. Bd3 Bd6 5. Nbd2 b6 6. e4 dxe4 7. Nxe4 Nbd7 8. O-O Bb7 9. Qe2 h6 10. c4 O-O 11. Rd1 Nxe4 12. Bxe4 Bxe4 13. Qxe4 Nf6 14. Qc2 Qe7 15. Be3 c6 16. h3 Rac8 17. Rd3 Rfd8 18. Rad1 Qc7 19. Qe2 b5 20. b3 b4 21. c5 Be7 22. Ne5 Nd5 23. Bxh6 g6 24. Rg3 Bf8 25. Bxf8 Rxf8 26. Nxg6 fxg6 27. Rxg6+ Kh8 28. Qh5+ Qh7 29. Rh6 1-0

[Event "XXVII. Rhein-Main-Open, Gruppe A"]
[Site "Bad Homburg vor der Höhe"]
[Date "2025.06.18"]
[Round "1.22"]
[White "Kopf, Rainer"]
[Black "Bollmann, Henrik"]
[Result "0-1"]
[WhiteElo "1893"]
[BlackElo "2109"]
[PlyCount "70"]
[GameId "535116226991"]
[EventDate "2025.06.18"]
[WhiteTeam "SC Bellheim"]
[BlackTeam "SC Bad Nauheim"]

1. Nf3 c5 2. c3 Nf6 3. d4 b6 4. Bg5 Bb7 5. Nbd2 d6 6. e3 g6 7. Bb5+ Nfd7 8. O-O Bg7 9. Re1 O-O 10. Qe2 Re8 11. Rad1 a6 12. Bd3 Qc7 13. Bb1 Nc6 14. Bh4 Rac8 15. Bg3 b5 16. Ne4 c4 17. h4 Rcd8 18. h5 Nf6 19. Nxf6+ exf6 20. hxg6 hxg6 21. Kh2 Qd7 22. Rh1 Ne7 23. Kg1 Nf5 24. Bh2 Qe6 25. Kf1 Be4 26. Bxe4 Qxe4 27. a3 d5 28. Bc7 Rd7 29. Nd2 Qc2 30. Ba5 Rxe3 31. Qg4 Rde7 32. g3 Qd3+ 33. Kg2 Re2 34. Qf4 Ne3+ 35. Kg1 Nxd1 0-1

[Event "XXVII. Rhein-Main-Open, Gruppe A"]
[Site "Bad Homburg vor der Höhe"]
[Date "2025.06.18"]
[Round "1.23"]
[White "Musiienko, Platon"]
[Black "Kappeler, Georg"]
[Result "1-0"]
[WhiteElo "2018"]
[BlackElo "1771"]
[PlyCount "55"]
[GameId "535116226992"]
[EventDate "2025.06.18"]
[WhiteTeam "Wiesbadener SV 1885"]
[BlackTeam "SK Marburg 1931/72"]

1. e4 c5 2. c3 d5 3. exd5 Qxd5 4. Nf3 g6 5. Na3 Bg7 6. d4 cxd4 7. Nb5 Qd8 8. Bf4 Na6 9. Nbxd4 Nf6 10. Bb5+ Bd7 11. Qe2 O-O 12. O-O Nc5 13. Rad1 a6 14. Bxd7 Ncxd7 15. Rfe1 Qb6 16. Nb3 e6 17. h3 Rac8 18. Rd6 Rc6 19. Red1 Nd5 20. R1xd5 exd5 21. Rxd7 Re6 22. Qd2 Rfe8 23. Qxd5 Rf6 24. Rxb7 Qd8 25. Qxd8 Rxd8 26. Bg5 Rd1+ 27. Kh2 Re6 28. Rb8+ 1-0

[Event "XXVII. Rhein-Main-Open, Gruppe A"]
[Site "Bad Homburg vor der Höhe"]
[Date "2025.06.18"]
[Round "1.24"]
[White "Hasenpflug, Till"]
[Black "Derr, Oleg"]
[Result "0-1"]
[WhiteElo "1810"]
[BlackElo "2103"]
[PlyCount "62"]
[GameId "535116226993"]
[EventDate "2025.06.18"]
[WhiteTeam "SK Bad Homburg 1927"]
[BlackTeam "VSG 1880 Offenbach"]

1. e4 c5 2. Nf3 Nc6 3. d4 cxd4 4. Nxd4 e5 5. Nf3 Nf6 6. Nc3 Bb4 7. Bd2 Bxc3 8. Bxc3 Nxe4 9. Bxe5 Qa5+ 10. Bc3 Nxc3 11. bxc3 Qxc3+ 12. Nd2 O-O 13. Be2 Nd4 14. Bd3 Re8+ 15. Kf1 d5 16. Nb3 Nc6 17. Qh5 g6 18. Qxd5 Nb4 19. Qc5 Qxc5 20. Nxc5 b6 21. Ne4 Kg7 22. f3 Nxd3 23. cxd3 Ba6 24. Rd1 f5 25. Ng5 Rac8 26. Kf2 Rc2+ 27. Kg3 Ree2 28. Rhe1 Rxg2+ 29. Kf4 h6 30. Ne6+ Kf6 31. Nc7 Rxc7 0-1

[Event "XXVII. Rhein-Main-Open, Gruppe A"]
[Site "Bad Homburg vor der Höhe"]
[Date "2025.06.18"]
[Round "1.25"]
[White "Reschke, Thomas"]
[Black "Rabiya, Karim"]
[Result "1/2-1/2"]
[WhiteElo "2067"]
[BlackElo "1810"]
[PlyCount "45"]
[GameId "535116226994"]
[EventDate "2025.06.18"]
[WhiteTeam "SC Frankfurt-West"]
[BlackTeam "SK Niederbrechen 1948"]

1. c4 e5 2. g3 c6 3. d4 e4 4. d5 Bb4+ 5. Bd2 Qe7 6. Nc3 Nf6 7. Bg2 O-O 8. Nh3 a5 9. O-O b5 10. dxc6 dxc6 11. cxb5 Rd8 12. Qc2 cxb5 13. a3 Bxc3 14. Bxc3 Nc6 15. e3 Ne5 16. Ng5 Bb7 17. Nxe4 Nxe4 18. Bxe4 Nf3+ 19. Bxf3 Bxf3 20. Qf5 Qb7 21. Rfe1 Re8 22. Qg5 f6 23. Qf4 1/2-1/2